Particle size analysis bibliography No 1, 1968-70
Uložené v:
| Ďalší autori: | |
|---|---|
| Médium: | Kniha |
| Jazyk: | English |
| Vydané: |
London :
Powder Advisory Centre,
1970.
|
| Edícia: | Powder Advisory Centre. Bibliography
No. 70 - PSA 01 Powder Advisory Centre. Bibliography No. 70 - PSA 01 |
| ISBN: |
(brož.) |
| Fyzický popis: |
Nestr. |
| Tagy: |
Pridať tag
Žiadne tagy, Buďte prvý kto otaguje tento záznam!
|
Titul je dostupný aj v ... 

MARC
| LEADER | 00000nam a2200000 a 4500 | ||
|---|---|---|---|
| 001 | 000140607 | ||
| 005 | 20110106131126.0 | ||
| 008 | 040101s1970 xxk e eng d | ||
| FMT | |||
| 020 | |a (brož.) |c Kčs 128,00 | ||
| 040 | |a SVKKK |b slo |c SVKKK |e AACR2 | ||
| 041 | 0 | |a eng | |
| 044 | |a xxk |c GB | ||
| 245 | 0 | 0 | |a Particle size analysis bibliography |n No 1, 1968-70 |c edit. Terence Allen. |
| 260 | |a London : |b Powder Advisory Centre, |c 1970. | ||
| 300 | |a Nestr. | ||
| 490 | 1 | |a Powder Advisory Centre. Bibliography |v No. 70 - PSA 01 | |
| 490 | 1 | |a Powder Advisory Centre. Bibliography |v No. 70 - PSA 01 | |
| 700 | 1 | |a Allen, Terence |4 edt | |
| 910 | |a svkkk | ||
| 998 | |a BK | ||
| OWN | |||
| Z30 | 1 | |l SCK01 |l SCK01 |m BOOK |1 SCKHL |2 SK16 |b Sklad Pribinova 3. posch. |3 V.89019 |6 504012 |q 19740106 |5 2721178430 |8 20060125 |e 0000 |f 20 |s Povinný výt. |h SCKRT |t 00000000 |u 0000 |w 000140607 |x 000010 | |
| a02 | 0 | |a (brož.) | |
| 090 | |g SCKHL |k Sklad Pribinova 3. posch. |a V.89019 |j 504012 |i 2721178430 |s Povinný výt. | ||